000 01394nam a22003970a 4500
001 PT46877
003 AR-LpoUNG
005 20250220121523.0
008 201001s2013||||ag |||||||||||||||||spa d
020 _a9789876301473
_c$56
040 _aAR-LpoUNG
_bspa
_eaacr
041 0 _aspa
044 _aag
082 0 _a510.071 1 289mat
100 1 _aCarnelli, Gustavo
245 1 0 _aMatemática en contexto
250 _a1ra. ed.
260 _aBuenos Aires :
_bUniversidad Nacional de General Sarmiento,
_c2013.
300 _a272 p. :
_btbls., gráfs.
_3Impreso
490 0 _aTextos básicos
520 _a<p>Texto de referencia para el Taller de Matem&aacute;tica del Curso de Aprestamiento Universitario de la UNGS; ofrece explicaciones y desarrollos para que pueda ser utilizado tambi&eacute;n por cualquier estudiante que desee acercarse a las cuestiones abordadas en &eacute;l.</p>
650 4 _aALGEBRA
650 4 _aANALISIS MATEMATICO
650 4 _aGEOMETRIA
650 4 _aMATEMATICAS
653 0 _aFUNCIONES
653 0 _aMODELIZACION
700 1 _aCesaratto, Eda
700 1 _aFalsetti, Marcela
700 1 _aFormica, Alberto
700 1 _aMarino, Tamara
710 2 _aUniversidad Nacional de General Sarmiento (Buenos Aires)
856 4 0 _uhttp://repositorio.ungs.edu.ar:8080/xmlui/handle/UNGS/796
_yTexto completo
905 _a46877
942 _cLIB
_2ddc
999 _c51114
_d51114